| 000 | 00834cab a2200277 4500 | ||
|---|---|---|---|
| 001 | ABS68813 | ||
| 008 | 050316n2005 000 0 eng u | ||
| 035 | _a(Sirsi) u129074 | ||
| 245 | _aRegional: Bristol, Bath and Swindon | ||
| 260 | _c2005 | ||
| 490 |
_aProperty Week _v70(10) 11 March 2005, 98-116(10) |
||
| 590 | _aABS | ||
| 650 | _aBRISTOL | ||
| 650 | _aBATH | ||
| 650 | _aSWINDON | ||
| 650 | _aPROPERTY-COMMERCIAL PROPERTY-OFFICE PROPERTY-OFFICE PROPERTY MARKET | ||
| 650 | _aPROPERTY-COMMERCIAL PROPERTY-RETAIL PROPERTY-RETAIL PROPERTY MARKET | ||
| 650 | _aDEVELOPMENT | ||
| 650 | _aINDUSTRIAL MARKET | ||
| 650 | _aMIXED-USE DEVELOPMENTS | ||
| 650 | _aLEISURE | ||
| 650 | _aRESIDENTIAL MARKET | ||
| 650 | _aREGENERATION | ||
| 690 | _aPROPERTY-COMMERCIAL PROPERTY-COMMERCIAL PROPERTY MARKET | ||
| 942 | _n0 | ||
| 999 |
_c74929 _d74929 |
||